| 000 | 00578nam a2200181 4500 | ||
|---|---|---|---|
| 001 | 148141 | ||
| 003 | ES-MaACL | ||
| 005 | 20250813064510.0 | ||
| 007 | t| | ||
| 008 | 070214s1966 sp r ||||1| spa d | ||
| 100 | 1 |
_aStaiger, Emil. _9107859 |
|
| 245 | 1 | 0 |
_aConceptos fundamentales de poética / _cEmil Staiger ; estudio preliminar y traducción de Jaime Ferreiro Alemparte. |
| 260 |
_aMadrid : _bRialp, _c1966. |
||
| 300 |
_a238 p. ; _c22 cm. |
||
| 700 | 1 |
_aFerreiro Alemparte, Jaime, _d1918-2000 _950396 |
|
| 852 |
_aES-MaACL _jC-31279 _bR.60331 |
||
| 999 |
_c148141 _d148141 |
||